000 00654nam a2200241Ia 4500
003 OSt
005 20220930193345.0
006 a|||||r|||| 00| 0
007 ta
008 urd
024 _a11420
037 _cDissertations
040 _aCRL
_cCRL
_burd
041 _2urd
_aurd
100 _aNamiah Begam
_9562245
110 _aUniversity of Delhi. Faculty of Arts. Department of Urdu
245 0 _aMir Taki Meer ki ishqia mashnawion ka tanqidi mutailah
260 _c1988
650 _aURDU LANGUAGE
700 _aUniversity of Delhi. Faculty of Arts. Department of Urdu
942 _cDIS
_2CC
999 _c896398
_d896398